000 00397nam a2200157Ia 4500
003 Ost
005 20260225132538.0
008 260225s9999||||xx |||||||||||||| ||und||
040 _cfsic
041 _afre
082 _a305.42
100 _aPaul tavernier
_eAuteur
245 0 _aCredho-nouvel ordre mondial et droit de l'homme-la guerre du golfe /
245 0 _cPaul tavernier
942 _cكتاب
999 _c33351
_d33351